[Event "Asian Schools-ch 14th U11 Girls"]
[Site "Waskaduwa"]
[Date "2018.07.10"]
[Round "3.2"]
[White "Piyumanthi, M Sayumi Vimansa"]
[Black "Aarna, Chugh"]
[Result "1/2-1/2"]
[WhiteElo "1130"]
[BlackElo "1256"]
[PlyCount "88"]
[EventDate "2018.07.09"]
[EventType "swiss"]
[EventRounds "9"]
[EventCountry "SRI"]
[SourceTitle "EXT 2024"]
[Source "ChessBase"]
[SourceDate "2023.10.10"]
[SourceVersion "1"]
[SourceVersionDate "2023.10.10"]
[SourceQuality "1"]

1. d4 d5 2. c4 c6 3. Nf3 Nf6 4. Nc3 e6 5. cxd5 exd5 6. Bg5 Be7 7. e3 Bf5 8. Bd3 Bg6 9. 0-0 0-0 10. Bxg6 fxg6 11. Rb1 Nbd7 12. b4 a6 13. a4 Nb6 14. b5 axb5 15. axb5 Rb8 16. bxc6 bxc6 17. Ne5 Qe8 18. Bf4 Kh8 19. h3 Nh5 20. Bh2 Qc8 21. Qg4 Qxg4 22. Nxg4 Rb7 23. Na4 Bd8 24. Ne5 Nf6 25. Nxc6 Nfd7 26. Nxd8 Rxd8 27. Rfc1 Ra8 28. Nc5 Rba7 29. Nxd7 Nxd7 30. Rb8+ Nf8 31. Rxa8 Rxa8 32. Be5 Kg8 33. Rc7 Ne6 34. Re7 Ra6 35. g4 Kf8 36. Rd7 Ra5 37. Bd6+ Kg8 38. Re7 Ng5 39. Kg2 Ra2 40. Be5 Ne4 41. Bg3 Kf8 42. Rd7 Nf6 43. Bd6+ Kg8 44. Re7 Ne4 1/2-1/2